Giáo trình luật động

Giáo trình này được xây dựng dựa theo cấu trúc của Bộ luật Lao động Việt Nam năm 2013. Các chế định của Bộ luật Lao động được phân tích khá cụ thể từ những vấn đề lý luận đến thực định....

Cijeli opis

Spremljeno u:
Bibliografski detalji
Daljnji autori: Trần Hoàng Hải (Chủ biên), Nguyễn Thị Bích (Biên soạn), Đinh Thị Chiến (Biên soạn), Đỗ hải Hà (Biên soạn)
Format: Knjiga
Jezik:Vietnamese
Izdano: H. Hồng Đức - Hội luật gia Việt Nam 2015
Teme:
Oznake: Dodaj oznaku
Bez oznaka, Budi prvi tko označuje ovaj zapis!
Thư viện lưu trữ: Thư viện Trường Đại học Nam Cần Thơ
LEADER 02652nam a22003257a 4500
001 NCT_51896
008 180925b xxu||||| |||| 00| 0 vie d
999 |c 2483  |d 2483 
020 |c 93000 
082 0 4 |2 23rd ed.  |a 344.597  |b H103 
245 0 0 |a Giáo trình luật động  |c Trần Hoàng Hải (chủ biên); ....[et al.] 
260 |a H.  |b Hồng Đức - Hội luật gia Việt Nam  |c 2015 
300 |a 503 tr.  |c 21cm 
520 3 |a Giáo trình này được xây dựng dựa theo cấu trúc của Bộ luật Lao động Việt Nam năm 2013. Các chế định của Bộ luật Lao động được phân tích khá cụ thể từ những vấn đề lý luận đến thực định. 
653 |a Luật học 
700 1 |a Trần Hoàng Hải  |e Chủ biên 
700 1 |a Nguyễn Thị Bích  |e Biên soạn 
700 1 |a Đinh Thị Chiến  |e Biên soạn 
700 1 |a Đỗ hải Hà  |e Biên soạn 
942 |2 ddc  |c BK 
952 |0 0  |1 0  |2 ddc  |4 0  |6 344_597000000000000_H103  |7 0  |9 14126  |a 000001  |b 000001  |d 2018-09-25  |l 4  |o 344.597 H103  |p MD.02626  |q 2022-03-03  |r 2022-02-17  |s 2022-02-17  |v 93000.00  |w 2018-09-25  |y BK 
952 |0 0  |1 0  |2 ddc  |4 0  |6 344_597000000000000_H103  |7 0  |9 14127  |a 000001  |b 000001  |d 2018-09-25  |o 344.597 H103  |p MD.02627  |r 2018-09-25  |v 93000.00  |w 2018-09-25  |y BK 
952 |0 0  |1 0  |2 ddc  |4 0  |6 344_597000000000000_H103  |7 0  |9 14128  |a 000001  |b 000001  |d 2018-09-25  |l 4  |o 344.597 H103  |p MD.02620  |q 2022-03-03  |r 2022-02-17  |s 2022-02-17  |v 93000.00  |w 2018-09-25  |y BK 
952 |0 0  |1 0  |2 ddc  |4 0  |6 344_597000000000000_H103  |7 0  |9 14129  |a 000001  |b 000001  |d 2018-09-25  |l 8  |o 344.597 H103  |p MD.02621  |q 2022-03-03  |r 2022-02-17  |s 2022-02-17  |v 93000.00  |w 2018-09-25  |y BK 
952 |0 0  |1 0  |2 ddc  |4 0  |6 344_597000000000000_H103  |7 0  |9 14130  |a 000001  |b 000001  |d 2018-09-25  |l 5  |o 344.597 H103  |p MD.02622  |q 2022-03-03  |r 2022-02-17  |s 2022-02-17  |v 93000.00  |w 2018-09-25  |y BK 
952 |0 0  |1 0  |2 ddc  |4 0  |6 344_597000000000000_H103  |7 0  |9 14131  |a 000001  |b 000001  |d 2018-09-25  |l 3  |o 344.597 H103  |p MD.02623  |r 2020-05-29  |s 2020-05-13  |v 93000.00  |w 2018-09-25  |y BK 
952 |0 0  |1 0  |2 ddc  |4 0  |6 344_597000000000000_H103  |7 0  |9 14463  |a 000001  |b 000001  |d 2018-10-11  |l 3  |o 344.597 H103  |p MD.09058  |r 2020-03-16  |s 2020-03-05  |v 93000.00  |w 2018-10-11  |y BK 
952 |0 0  |1 0  |2 ddc  |4 0  |6 344_597000000000000_H103  |7 0  |9 14477  |a 000001  |b 000001  |d 2018-10-15  |l 1  |o 344.597 H103  |p MD.02625  |r 2019-03-27  |s 2019-03-14  |v 93000.00  |w 2018-10-15  |y BK 
952 |0 0  |1 0  |2 ddc  |4 0  |6 344_597000000000000_H103  |7 0  |9 16066  |a 000001  |b 000001  |d 2019-03-08  |l 4  |m 1  |o 344.597 H103  |p MD.02624  |q 2022-03-03  |r 2022-02-17  |s 2022-02-17  |v 93000.00  |w 2019-03-08  |y BK 
980 |a Thư viện Trường Đại học Nam Cần Thơ